000 00815cam a2200181 4500
001 WB3801-09
008 020110n2002 000 0 eng u
035 _a(Sirsi) u116241
245 _aNew construction orders: November 2001
260 _c2002
490 _aDTI Press Release
_v10 January 2002, (2)
520 _aLatest government statistics show constructions orders were unchanged in the year to November 2001, compared to the previous year. However, the total volume of new orders received by contractors for construction work in the three months to November was down 10% compared with the previous three months. Visit: http://www.statistics.gov.uk
590 _aWB
650 _aDBERR NEW CONSTRUCTION ORDERS
650 _aSTATISTICS
690 _aBUILT ENVIRONMENT-CONSTRUCTION MARKET
942 _n0
999 _c69257
_d69257